[Event "Championnat de France - Open A"]
[Site "Pau"]
[Date "2008.08.13"]
[Round "2.65"]
[White "Iwanesko, Alexandre"]
[Black "Lambert, Thierry"]
[Result "1/2-1/2"]
[WhiteElo "2062"]
[BlackElo "2000"]
[PlyCount "99"]

1. Nf3 Nf6 2. c4 g6 3. Nc3 Bg7 4. g3 O-O 5. Bg2 d6 6. O-O e5 7. d3 Nc6 8. Rb1
a5 9. a3 Bg4 10. h3 Bd7 11. b4 axb4 12. axb4 Ne8 13. b5 Ne7 14. Nd2 Rb8 15. Bb2
Qc8 16. Kh2 f5 17. Ra1 Ra8 18. Rxa8 Qxa8 19. Qa1 Qb8 20. Qa2 Nf6 21. Ra1 Re8
22. Qa7 c6 23. Ra4 cxb5 24. Nxb5 Bxb5 25. cxb5 b6 26. Nc4 Qxa7 27. Rxa7 Nc8 28.
Rb7 d5 29. Nxb6 Nd6 30. Rc7 Nxb5 31. Rc5 Nd4 32. e3 Ne6 33. Rb5 d4 34. Nc4 e4
35. exd4 exd3 36. d5 Ng5 37. Bc1 Nge4 38. Be3 Rc8 39. Nd2 Nxd2 40. Bxd2 Ne4 41.
Be3 d2 42. Bf3 Nc3 43. Rc5 Rxc5 44. Bxc5 d1=Q 45. Bxd1 Nxd1 46. d6 Bf6 47. d7
Bd8 48. Bd4 Kf7 49. Kg2 Ke7 50. Kf3 1/2-1/2

[Event "Championnat de France - Open A"]
[Site "Pau"]
[Date "2008.08.13"]
[Round "2.66"]
[White "Daspres, Loic"]
[Black "Cheron, Stephane"]
[Result "0-1"]
[WhiteElo "2060"]
[BlackElo "1990"]
[PlyCount "84"]

1. e4 e5 2. Nf3 Nc6 3. Bb5 a6 4. Ba4 Nf6 5. Qe2 b5 6. Bb3 Bc5 7. d3 h6 8. Be3
Bxe3 9. fxe3 d6 10. O-O Na5 11. Nbd2 Nxb3 12. axb3 O-O 13. b4 c6 14. d4 Qe7 15.
Qd3 Rd8 16. Rae1 Bg4 17. Qc3 Rac8 18. Rf2 Re8 19. Nh4 Nxe4 20. Nxe4 exd4 21.
exd4 Qxh4 22. Nxd6 Rxe1+ 23. Qxe1 Rf8 24. Nxf7 Bd7 25. Qe5 Re8 26. Rf4 Qe1+ 27.
Qxe1 Rxe1+ 28. Kf2 Rc1 29. c3 Rc2+ 30. Kg3 Rxb2 31. Ne5 Be8 32. Rf3 Ra2 33. Nd3
Bf7 34. Nc5 a5 35. bxa5 Rxa5 36. Nb7 Ra3 37. Nd6 Bd5 38. Re3 b4 39. Re8+ Kh7
40. Kf2 Rxc3 41. Nf5 Rc2+ 42. Ke3 b3 0-1

[Event "Championnat de France - Open A"]
[Site "Pau"]
[Date "2008.08.13"]
[Round "2.67"]
[White "Lamouille, Patrick"]
[Black "Bornhauser, Eric"]
[Result "0-1"]
[WhiteElo "2052"]
[BlackElo "1985"]
[PlyCount "110"]

1. d4 Nf6 2. c4 g6 3. g3 Bg7 4. Bg2 O-O 5. Nc3 d6 6. e4 e5 7. d5 a5 8. h3 Na6
9. Bg5 h6 10. Be3 Nh5 11. Qd2 Kh7 12. Bf3 Nf6 13. g4 Ng8 14. Nge2 Ne7 15. Ng3
Bd7 16. h4 Qc8 17. g5 h5 18. Bxh5 gxh5 19. Nxh5 Bg4 20. Nxg7 Kxg7 21. f4 Rh8
22. f5 Nxf5 23. exf5 Qxf5 24. Qf2 Kg6 25. Kd2 Bf3 26. Raf1 Nb4 27. Rc1 Qd3+ 28.
Ke1 Bxh1 29. a3 Na6 30. Qf6+ Kh5 31. Kf2 Qg6 32. Qxg6+ Kxg6 33. Rxh1 f6 34.
gxf6 Kxf6 35. Bg5+ Kf5 36. Kg3 Nc5 37. Rf1+ Kg6 38. Kg4 Raf8 39. Rh1 Rh5 40. b4
Nd3 41. Rb1 axb4 42. axb4 Rxg5+ 43. hxg5 Rf4+ 44. Kg3 Rxc4 45. Nb5 Kxg5 46. Kf3
Kf5 47. Ke3 Nxb4 48. Rf1+ Rf4 49. Rd1 Rc4 50. Rf1+ Kg6 51. Rg1+ Kf7 52. Rb1
Nxd5+ 53. Kd3 Rb4 54. Rxb4 Nxb4+ 55. Kc4 Na6 0-1

[Event "Championnat de France - Open A"]
[Site "Pau"]
[Date "2008.08.13"]
[Round "2.68"]
[White "Brunstein, Sandrine"]
[Black "Thon, Gabriel"]
[Result "1/2-1/2"]
[WhiteElo "2049"]
[BlackElo "1985"]
[PlyCount "96"]

1. e4 c5 2. Nf3 e6 3. c3 Nf6 4. e5 Nd5 5. d4 cxd4 6. Bc4 Nb6 7. Bd3 dxc3 8.
Nxc3 Nc6 9. Bf4 Nb4 10. Be4 a6 11. O-O Be7 12. a3 Nc6 13. Qe2 O-O 14. Rad1 Qc7
15. Bb1 f5 16. h4 Na5 17. Rc1 Qc4 18. Be3 Qxe2 19. Nxe2 Nd5 20. Bg5 Bxg5 21.
hxg5 b5 22. Ba2 Nb6 23. Rfd1 Nac4 24. Rc2 Bb7 25. Bxc4 Nxc4 26. Rxd7 Bxf3 27.
gxf3 Nxe5 28. Re7 Nxf3+ 29. Kf1 Nxg5 30. f4 Rf7 31. Rec7 Rxc7 32. Rxc7 Ne4 33.
Nd4 Re8 34. Rc6 Nd2+ 35. Ke2 Nc4 36. Rxa6 Nxb2 37. Nxb5 e5 38. Nd6 Rd8 39. fxe5
g6 40. Ra7 h5 41. a4 h4 42. a5 h3 43. Kf3 g5 44. Kg3 g4 45. Rb7 f4+ 46. Kh2 Nd3
47. Nf7 Nf2 48. Nh6+ Kh8 1/2-1/2

[Event "Championnat de France - Open A"]
[Site "Pau"]
[Date "2008.08.13"]
[Round "2.69"]
[White "Kirk, Jason"]
[Black "Martinet, Regis"]
[Result "0-1"]
[WhiteElo "1979"]
[BlackElo "2049"]
[PlyCount "96"]

1. d4 Nf6 2. c4 c5 3. d5 b5 4. cxb5 a6 5. b6 Bb7 6. Nc3 e6 7. e4 exd5 8. exd5
d6 9. Be2 Nbd7 10. Nh3 Be7 11. O-O O-O 12. b3 Nxb6 13. Bf3 Qd7 14. Qd3 a5 15.
Re1 Rfe8 16. Bb2 Ba6 17. Qc2 a4 18. Re3 axb3 19. axb3 Bb7 20. Rxa8 Bxa8 21. Be4
Bxd5 22. Nxd5 Nbxd5 23. Re2 Bd8 24. Bf3 Rxe2 25. Qxe2 Qe8 26. Kf1 Qxe2+ 27.
Kxe2 Nc7 28. g3 Ne6 29. Kd3 Nd7 30. Ke4 Bf6 31. Bc1 Kf8 32. Bg4 Nb6 33. Nf4
Nxf4 34. Bxf4 Ke7 35. h4 g6 36. Be2 Bd4 37. f3 Ke6 38. Ba6 f5+ 39. Kd3 Be5 40.
Bxe5 Kxe5 41. Bb5 f4 42. g4 h6 43. Be8 g5 44. hxg5 hxg5 45. Bf7 d5 46. Kc3 Nc8
47. Kd3 Nd6 48. Bg8 Nb5 0-1

[Event "Championnat de France - Open A"]
[Site "Pau"]
[Date "2008.08.13"]
[Round "2.70"]
[White "Lagunes, Jean-Renaud"]
[Black "Bollard, Maxime"]
[Result "1-0"]
[WhiteElo "2047"]
[BlackElo "1980"]
[PlyCount "43"]

1. e4 c5 2. Nf3 d6 3. Bb5+ Nd7 4. d4 cxd4 5. Qxd4 a6 6. Bc4 Qa5+ 7. Nc3 Qc5 8.
Qd3 Ngf6 9. Be3 Qc7 10. O-O-O g6 11. Bd4 Bg7 12. e5 dxe5 13. Nxe5 O-O 14. f4
Nc5 15. Qe2 b6 16. h4 Be6 17. b4 Nce4 18. Nxe4 Bxc4 19. Nxf6+ Bxf6 20. Nxc4
Qxf4+ 21. Qe3 Qc7 22. Nxb6 1-0

[Event "Championnat de France - Open A"]
[Site "Pau"]
[Date "2008.08.13"]
[Round "2.71"]
[White "Carre, Sylvain"]
[Black "Bekhouche, Christophe"]
[Result "1-0"]
[WhiteElo "2044"]
[BlackElo "1973"]
[PlyCount "123"]

1. c4 Nf6 2. g3 e6 3. Bg2 d5 4. cxd5 exd5 5. Nf3 Be7 6. O-O O-O 7. d4 Ne4 8.
Nc3 f5 9. Qb3 c6 10. Ne5 Kh8 11. f3 Bf6 12. fxe4 Bxe5 13. dxe5 fxe4 14. Bg5
Rxf1+ 15. Rxf1 Qe8 16. Qa3 Nd7 17. Bh3 h6 18. Be7 Qh5 19. Bxd7 Bxd7 20. Qd6 Bh3
21. Rf4 Re8 22. Kf2 Bf5 23. h4 Qf7 24. g4 Qxe7 25. Qxe7 Rxe7 26. Rxf5 g6 27.
Rf8+ Kg7 28. Rb8 b5 29. e3 h5 30. gxh5 gxh5 31. Ne2 Rxe5 32. b4 Rf5+ 33. Nf4 d4
34. Rb7+ Kh6 35. Rxa7 d3 36. Re7 c5 37. Rxe4 c4 38. Ke1 Rf7 39. Re5 Ra7 40.
Rxh5+ Kg7 41. Rxb5 Rxa2 42. Rd5 Ra1+ 43. Kd2 Ra2+ 44. Kc1 Ra1+ 45. Kb2 Rh1 46.
Nxd3 cxd3 47. Rxd3 Rxh4 48. Kc3 Kf6 49. Rd4 Rh1 50. Re4 Kf5 51. Re8 Rc1+ 52.
Kd4 Kf6 53. b5 Kf7 54. Re4 Rc8 55. Kd5 Kf6 56. b6 Rd8+ 57. Kc6 Kf5 58. Rd4 Rc8+
59. Kb7 Rc1 60. Kb8 Ke5 61. b7 Ke6 62. Ra4 1-0

[Event "Championnat de France - Open A"]
[Site "Pau"]
[Date "2008.08.13"]
[Round "2.72"]
[White "Budin, Florent"]
[Black "Moullier, Igor"]
[Result "1/2-1/2"]
[WhiteElo "1973"]
[BlackElo "2041"]
[PlyCount "30"]

1. d4 d5 2. Nf3 Nf6 3. c4 c6 4. Nc3 dxc4 5. a4 Bf5 6. e3 e6 7. Bxc4 Bb4 8. O-O
Nbd7 9. Qb3 a5 10. Na2 Be7 11. Qxb7 Rb8 12. Qxc6 Rc8 13. Qa6 Ra8 14. Qb5 Rb8
15. Qa6 Ra8 1/2-1/2

[Event "Championnat de France - Open A"]
[Site "Pau"]
[Date "2008.08.13"]
[Round "2.73"]
[White "Chizelle, Bernard"]
[Black "Schweitzer, Adrien"]
[Result "1/2-1/2"]
[WhiteElo "1960"]
[BlackElo "2041"]
[PlyCount "93"]

1. e4 e5 2. Nf3 Nc6 3. Bb5 f5 4. d4 fxe4 5. Nxe5 Nxe5 6. dxe5 c6 7. e6 cxb5 8.
Qh5+ g6 9. Qxb5 Qf6 10. Bg5 Qxe6 11. Nc3 Ne7 12. O-O-O Qf5 13. Nxe4 Qxb5 14.
Nd6+ Kd8 15. Nxb5 a6 16. Nc3 h6 17. Bf6 Rh7 18. Rhe1 b5 19. Nd5 Rb8 20. Be5 Rb7
21. Bd6 Rf7 22. Nf4 Rb6 23. Bc5 Rc6 24. Ne6+ Ke8 25. Nxf8 Kxf8 26. Bd6 Rxd6 27.
Rxd6 Rxf2 28. Rd2 Rxd2 29. Kxd2 Bb7 30. g3 Nd5 31. Kd3 Kf7 32. a3 Nf6 33. Kd4
d6 34. c4 Ng4 35. cxb5 axb5 36. Rc1 Ke6 37. Rc7 Bg2 38. h4 h5 39. Rc8 Kd7 40.
Rg8 Ne5 41. b3 Ke6 42. Rf8 Bc6 43. Ke3 Kd5 44. Rf1 Bd7 45. Rc1 Ke6 46. Rf1 Kd5
47. Rc1 1/2-1/2

[Event "Championnat de France - Open A"]
[Site "Pau"]
[Date "2008.08.13"]
[Round "2.75"]
[White "Ane, Cedric"]
[Black "Durandeau, Jean-Marie"]
[Result "1-0"]
[WhiteElo "2033"]
[BlackElo "1956"]
[PlyCount "55"]

1. e4 c5 2. Nf3 Nc6 3. Bb5 g6 4. Bxc6 dxc6 5. h3 Bg7 6. d3 e5 7. Be3 Qe7 8. Qd2
Nf6 9. Bh6 O-O 10. Nc3 Rd8 11. Bxg7 Kxg7 12. O-O c4 13. Qe3 cxd3 14. cxd3 Nh5
15. Rfd1 Qf6 16. d4 exd4 17. Nxd4 Nf4 18. Nf5+ Bxf5 19. Qxf4 Rd4 20. Rxd4 Qxd4
21. Rd1 Qb4 22. Qe5+ f6 23. Qe7+ Kh6 24. exf5 Qxb2 25. Qe3+ g5 26. Qd4 Kg7 27.
Qd7+ Kh6 28. Ne4 1-0

[Event "Championnat de France - Open A"]
[Site "Pau"]
[Date "2008.08.13"]
[Round "2.76"]
[White "Lograda, Alexis"]
[Black "Eid, Maha"]
[Result "1-0"]
[WhiteElo "2033"]
[BlackElo "1953"]
[PlyCount "37"]

1. e4 c5 2. Nf3 e6 3. d4 cxd4 4. Nxd4 a6 5. Nc3 b5 6. g3 Bb7 7. Bg2 Qc7 8. O-O
Nf6 9. Re1 h5 10. Bg5 Ng4 11. Nd5 Bxd5 12. exd5 Bc5 13. dxe6 dxe6 14. Bxa8 Qa7
15. Nc6 Bxf2+ 16. Kg2 Qb6 17. Nxb8 Qxb8 18. Bc6+ Kf8 19. Re2 1-0

[Event "Championnat de France - Open A"]
[Site "Pau"]
[Date "2008.08.13"]
[Round "2.77"]
[White "Batteux, Mickael"]
[Black "Muratet, Lucas"]
[Result "1/2-1/2"]
[WhiteElo "2030"]
[BlackElo "1934"]
[PlyCount "69"]

1. d4 Nf6 2. Nf3 c5 3. d5 e6 4. c4 exd5 5. cxd5 d6 6. Nc3 g6 7. e4 Bg7 8. Be2
O-O 9. O-O a6 10. a4 Nbd7 11. h3 Ne8 12. Nd2 g5 13. Nc4 Ne5 14. Nxe5 Bxe5 15.
Bg4 Ng7 16. Bxc8 Rxc8 17. Qg4 h6 18. h4 f5 19. exf5 Rxf5 20. hxg5 hxg5 21. Ra3
Bf4 22. Ne2 Bxc1 23. Rxc1 Rc7 24. Re3 Rcf7 25. Rf3 Rxf3 26. gxf3 Qf6 27. Rc3
Nf5 28. Ng3 Nh4 29. Qc8+ Rf8 30. Qg4 Nxf3+ 31. Rxf3 Qxf3 32. Qxg5+ Kh7 33. Qh4+
Kg8 34. Qg5+ Kh7 35. Qh4+ 1/2-1/2

[Event "Championnat de France - Open A"]
[Site "Pau"]
[Date "2008.08.13"]
[Round "2.78"]
[White "Busson, Benoist"]
[Black "Auvray, Simon"]
[Result "1/2-1/2"]
[WhiteElo "2028"]
[BlackElo "1920"]
[PlyCount "63"]

1. f4 g6 2. Nf3 Bg7 3. d3 Nc6 4. c3 d6 5. g3 e5 6. Bg2 Bg4 7. O-O Qd7 8. e4
Nge7 9. Na3 O-O-O 10. Qa4 Kb8 11. Be3 exf4 12. Bxf4 Nc8 13. Nc4 h5 14. Ne3 Bh3
15. Nd5 f6 16. Be3 g5 17. Bxh3 Qxh3 18. Qc2 h4 19. Qg2 Qe6 20. Nd4 Nxd4 21.
Bxd4 Rh6 22. Ne3 hxg3 23. hxg3 Rdh8 24. Nf5 Rh1+ 25. Qxh1 Rxh1+ 26. Kxh1 Ne7
27. Kg2 Nxf5 28. Rxf5 c5 29. Bf2 c4 30. Kf3 cxd3 31. Ke3 Qc4 32. g4 1/2-1/2

[Event "Championnat de France - Open A"]
[Site "Pau"]
[Date "2008.08.14"]
[Round "3.1"]
[White "Marcantoni, Herve"]
[Black "Carrasco, Patrick"]
[Result "1-0"]
[WhiteElo "2198"]
[BlackElo "2087"]
[PlyCount "117"]

1. e4 e5 2. Nf3 Nc6 3. Bb5 a6 4. Ba4 Nf6 5. O-O b5 6. Bb3 Bb7 7. Re1 Bc5 8. c3
d6 9. d4 Bb6 10. Be3 O-O 11. Nbd2 Re8 12. Qb1 h6 13. h3 Na5 14. Bc2 c5 15. d5
c4 16. Nf1 Bc8 17. b4 cxb3 18. axb3 Bd7 19. Bd3 Nb7 20. b4 a5 21. Qc2 Rc8 22.
Qd2 Bxe3 23. Nxe3 Qb6 24. Reb1 a4 25. Nh2 Rc7 26. Nhg4 Nxg4 27. hxg4 Rec8 28.
Ra3 Nd8 29. Rc1 f6 30. Be2 Nf7 31. f3 g6 32. Bd3 Kg7 33. g3 Ng5 34. Kg2 h5 35.
f4 Nf7 36. gxh5 gxh5 37. Rh1 Rh8 38. Rh4 Rcc8 39. Be2 exf4 40. gxf4 Rce8 41.
Bf3 Rh6 42. Qf2 Qd8 43. Ra1 Qc8 44. Rc1 Rg6+ 45. Kh2 Bg4 46. Bxg4 hxg4 47. Nf5+
Qxf5 48. exf5 g3+ 49. Kg2 gxf2+ 50. fxg6 Kxg6 51. Kxf2 Kf5 52. Kf3 Rc8 53. c4
bxc4 54. Rg1 c3 55. Rh5+ Ng5+ 56. fxg5 fxg5 57. Rhxg5+ Kf6 58. R5g2 Ke5 59. Ke3
1-0

[Event "Championnat de France - Open A"]
[Site "Pau"]
[Date "2008.08.14"]
[Round "3.2"]
[White "Kharmoudi, Slimane"]
[Black "Brethes, Francois"]
[Result "1/2-1/2"]
[WhiteElo "2087"]
[BlackElo "2194"]
[PlyCount "87"]

1. e4 e6 2. d4 d5 3. Nd2 Nf6 4. e5 Nfd7 5. Bd3 c5 6. c3 Nc6 7. Ne2 cxd4 8. cxd4
f6 9. exf6 Nxf6 10. Nf3 Qc7 11. O-O Bd6 12. Bg5 O-O 13. Bh4 Nh5 14. Qc2 h6 15.
Bg6 Rxf3 16. gxf3 Bxh2+ 17. Kh1 Nf4 18. Ng3 Qb6 19. Rad1 Nxd4 20. Qa4 Nxg6 21.
Qxd4 Qxd4 22. Rxd4 Nxh4 23. Rxh4 Bxg3 24. fxg3 Bd7 25. Rd4 Bc6 26. Re1 Kf7 27.
Kg2 Re8 28. Re5 Kf6 29. f4 Rc8 30. Re2 Be8 31. g4 Bg6 32. f5 exf5 33. Rxd5 fxg4
34. Rd6+ Kg5 35. Rd7 Be8 36. Rxg7+ Kh4 37. Kf2 Bc6 38. Re6 g3+ 39. Kg1 h5 40.
Re3 Rd8 41. Rexg3 Rd1+ 42. Kf2 Rd2+ 43. Kg1 Rxb2 44. Rb3 1/2-1/2

[Event "Championnat de France - Open A"]
[Site "Pau"]
[Date "2008.08.14"]
[Round "3.3"]
[White "Dionisi, Thomas"]
[Black "Redon, Bruno"]
[Result "1-0"]
[WhiteElo "2067"]
[BlackElo "2164"]
[PlyCount "125"]

1. e4 c6 2. d4 d5 3. Nc3 dxe4 4. Nxe4 Bf5 5. Ng3 Bg6 6. h4 h6 7. h5 Bh7 8. Nf3
Nd7 9. Bd3 Bxd3 10. Qxd3 e6 11. Bf4 Bb4+ 12. c3 Be7 13. O-O-O Ngf6 14. Ne4 Nxe4
15. Qxe4 Qa5 16. Kb1 Nf6 17. Qe5 b5 18. g4 Nd5 19. Bd2 Qb6 20. g5 hxg5 21. h6
Bf6 22. hxg7 Rg8 23. Qe4 O-O-O 24. Bxg5 Bxg5 25. Nxg5 Rxg7 26. f4 Qc7 27. Rdf1
c5 28. dxc5 Qxc5 29. Qe5 Rdg8 30. Rh8 Rxh8 31. Qxg7 Rf8 32. Ne4 Qe7 33. Qe5 Rd8
34. f5 exf5 35. Qxf5+ Rd7 36. Rd1 Qe6 37. Qxe6 fxe6 38. Rh1 Kc7 39. Kc2 Ne3+
40. Kb3 e5 41. Re1 Nc4 42. a4 Kb6 43. Rh1 Na5+ 44. Ka3 Nc6 45. b4 bxa4 46. Kxa4
a6 47. Rh6 Rd1 48. Kb3 Re1 49. Nc5 a5 50. Na4+ Kc7 51. b5 Rb1+ 52. Kc4 Nd8 53.
b6+ Kc8 54. Nc5 e4 55. Kd4 Rg1 56. Kxe4 a4 57. Rh8 Re1+ 58. Kd4 a3 59. b7+ Kc7
60. Rh7+ Kb8 61. Na6+ Ka7 62. b8=Q+ Kxa6 63. Ra7# 1-0

[Event "Championnat de France - Open A"]
[Site "Pau"]
[Date "2008.08.14"]
[Round "3.4"]
[White "Buscara, Sevan"]
[Black "David, Frederic"]
[Result "1-0"]
[WhiteElo "2159"]
[BlackElo "2054"]
[PlyCount "69"]

1. d4 Nf6 2. Nf3 b6 3. Bf4 Bb7 4. e3 e6 5. Nbd2 Be7 6. Bd3 Nh5 7. Bg3 d6 8. Qe2
Nd7 9. O-O-O a6 10. c3 c5 11. e4 cxd4 12. cxd4 h6 13. Kb1 b5 14. Nb3 Qb6 15.
Rc1 O-O 16. Nfd2 Nxg3 17. hxg3 Rfc8 18. Rxc8+ Rxc8 19. f4 e5 20. Nf3 Bf6 21.
Nh4 Bxh4 22. Rxh4 Nf6 23. Rh1 Re8 24. fxe5 dxe5 25. d5 Rc8 26. g4 Nh7 27. Rf1
Ng5 28. a3 f6 29. Qd2 Nf7 30. Rc1 Nd6 31. Rxc8+ Nxc8 32. Qc3 Nd6 33. Na5 Kf8
34. b4 Ke7 35. Qc5 1-0

[Event "Championnat de France - Open A"]
[Site "Pau"]
[Date "2008.08.14"]
[Round "3.5"]
[White "Derieux, Christian"]
[Black "Migot, Tanguy"]
[Result "1/2-1/2"]
[WhiteElo "2149"]
[BlackElo "2050"]
[PlyCount "80"]

1. d4 Nf6 2. c4 c5 3. d5 e6 4. Nc3 exd5 5. cxd5 d6 6. e4 g6 7. Bd3 Bg7 8. Nge2
O-O 9. h3 a6 10. a4 Nbd7 11. O-O Ne5 12. Bc2 Rb8 13. f4 Nc4 14. b3 Nb6 15. Be3
Re8 16. Qd2 Nbd7 17. Rab1 b5 18. axb5 axb5 19. b4 cxb4 20. Rxb4 Nc5 21. Ng3 h5
22. e5 Na6 23. Rbb1 b4 24. Nce4 Nxe4 25. Bxe4 h4 26. Ne2 f5 27. Bf3 dxe5 28.
fxe5 Bxe5 29. Nf4 g5 30. Ne6 Bxe6 31. Bxg5 Bf6 32. Bxf6 Qxf6 33. dxe6 Rbd8 34.
Qa2 Qxe6 35. Qf2 Qe3 36. Bb7 Qxf2+ 37. Rxf2 Nc5 38. Rxf5 Nxb7 39. Rxb4 Rd1+ 40.
Kh2 Rd7 1/2-1/2

[Event "Championnat de France - Open A"]
[Site "Pau"]
[Date "2008.08.14"]
[Round "3.6"]
[White "Millon, Valentin"]
[Black "Grandadam, Nicolas"]
[Result "1-0"]
[WhiteElo "1991"]
[BlackElo "2112"]
[PlyCount "61"]

1. e4 c5 2. Nf3 d6 3. d4 cxd4 4. Nxd4 Nf6 5. Nc3 a6 6. Be2 e6 7. O-O Be7 8. f4
Qc7 9. Be3 b5 10. Bf3 Bb7 11. e5 dxe5 12. Bxb7 Qxb7 13. fxe5 Nfd7 14. Qg4 g6
15. Nxe6 fxe6 16. Qxe6 Nc6 17. Ne4 O-O-O 18. Rf7 Kb8 19. Rxe7 Nxe7 20. Nd6 Nc5
21. Bxc5 Qc7 22. b4 Nc8 23. a4 Qc6 24. axb5 axb5 25. Qa2 Nxd6 26. Bxd6+ Rxd6
27. Qa7+ Kc8 28. exd6 Rd8 29. Qa8+ Kd7 30. Ra7+ Ke6 31. Qxc6 1-0

[Event "Championnat de France - Open A"]
[Site "Pau"]
[Date "2008.08.14"]
[Round "3.7"]
[White "Chamaillard, Sylvain"]
[Black "Venner, Laurent"]
[Result "1-0"]
[WhiteElo "2109"]
[BlackElo "2029"]
[PlyCount "89"]

1. d4 d5 2. c4 e6 3. Nc3 Nf6 4. Bg5 Be7 5. e3 O-O 6. Qc2 Nbd7 7. Bd3 c6 8. Nge2
dxc4 9. Bxc4 Re8 10. O-O Nd5 11. Bxe7 Qxe7 12. a3 a5 13. e4 Nxc3 14. Nxc3 e5
15. d5 Nb6 16. Bb3 cxd5 17. exd5 Qg5 18. Qe2 Bg4 19. f3 Bd7 20. Ne4 Qg6 21. Qe3
Na4 22. d6 Bc6 23. Rac1 Rad8 24. Rxc6 bxc6 25. Bxa4 f5 26. Bb3+ Kh8 27. Nc5
Qxd6 28. Rd1 Qb8 29. Rxd8 Rxd8 30. Ne6 Rd6 31. Ng5 Rf6 32. Nf7+ Rxf7 33. Bxf7
Qxb2 34. Qc5 Qd4+ 35. Qxd4 exd4 36. f4 g6 37. Kf2 Kg7 38. Bb3 Kf6 39. Ke2 Ke7
40. Kd3 c5 41. Kc4 Kd6 42. Kb5 g5 43. g3 gxf4 44. gxf4 a4 45. Kxa4 1-0

[Event "Championnat de France - Open A"]
[Site "Pau"]
[Date "2008.08.14"]
[Round "3.8"]
[White "Lambert, Romain"]
[Black "Vuillermoz, Robert"]
[Result "1-0"]
[WhiteElo "1953"]
[BlackElo "2105"]
[PlyCount "101"]

1. d4 Nf6 2. c4 c5 3. d5 e5 4. Nc3 d6 5. e4 Be7 6. h3 h5 7. Be3 Nbd7 8. Be2 Nf8
9. Nf3 Ng6 10. Qd2 h4 11. O-O-O Nh5 12. Ng1 Nhf4 13. g3 hxg3 14. fxg3 Nxh3 15.
Nxh3 Bxh3 16. g4 Rh4 17. Rdg1 Bg2 18. Rxh4 Nxh4 19. Bd1 Bf3 20. Ba4+ Kf8 21. g5
f6 22. Qf2 fxg5 23. Bd1 Kg8 24. Bxf3 Qf8 25. Bg4 Qf6 26. Be6+ Kh7 27. Qe2 Qh6
28. Qg4 Rf8 29. Bxg5 Bxg5+ 30. Qxg5 Rf1+ 31. Kc2 Rf2+ 32. Kb3 Qxg5 33. Rxg5 Nf3
34. Bf5+ Kg8 35. Rg6 Nd2+ 36. Ka4 Nxc4 37. b3 Nb6+ 38. Kb5 Rc2 39. Na4 Nxa4 40.
Kxa4 Rxa2+ 41. Kb5 Ra6 42. Re6 g5 43. Rg6+ Kf8 44. Rxg5 Ra3 45. Kc4 a6 46. Kc3
Ra1 47. Rg6 Rf1 48. Rxd6 Rf3+ 49. Kb2 Rf2+ 50. Ka3 b5 51. Rxa6 1-0

[Event "Championnat de France - Open A"]
[Site "Pau"]
[Date "2008.08.14"]
[Round "3.9"]
[White "Fievet, Patrick"]
[Black "Denous, Cyprien"]
[Result "0-1"]
[WhiteElo "2091"]
[BlackElo "2028"]
[PlyCount "74"]

1. e4 Nf6 2. e5 Nd5 3. Nf3 d6 4. d4 dxe5 5. Nxe5 c6 6. Bd3 g6 7. O-O Bg7 8. c3
Nd7 9. Nxd7 Bxd7 10. Na3 O-O 11. Nc4 Qc7 12. Re1 Rfe8 13. Ne3 Nxe3 14. Bxe3 e5
15. dxe5 Bxe5 16. h3 Be6 17. Qc2 Rad8 18. Bxa7 Rd5 19. Be3 Bh2+ 20. Kh1 Rh5 21.
Bb6 Qd6 22. Bc4 Be5 23. Bxe6 Rxe6 24. Rad1 Qe7 25. Qd3 Bf6 26. Rxe6 Qxe6 27.
Qd7 Qxa2 28. Qe8+ Kg7 29. Bc5 Rxc5 30. Rd7 Re5 31. Qc8 Qe6 32. Qxb7 Re1+ 33.
Kh2 Be5+ 34. g3 Re2 35. Kg2 Qf5 36. Qa7 Qe4+ 37. Kh2 Qf3 0-1

[Event "Championnat de France - Open A"]
[Site "Pau"]
[Date "2008.08.14"]
[Round "3.10"]
[White "Guezennec, Franck"]
[Black "Allorant, Adrien"]
[Result "1-0"]
[WhiteElo "2190"]
[BlackElo "2011"]
[PlyCount "91"]

1. c4 e5 2. Nc3 d6 3. g3 f5 4. Bg2 Nf6 5. d3 g6 6. b4 Bg7 7. Rb1 O-O 8. Nf3 c6
9. O-O Qe7 10. b5 Kh8 11. a4 Be6 12. bxc6 bxc6 13. Ba3 Bg8 14. Nd2 Rc8 15. a5
Na6 16. Qa4 Qc7 17. Rfc1 Nd7 18. Na2 Ndc5 19. Bxc5 Nxc5 20. Qa3 Bh6 21. Rc2 Be6
22. Nb4 Bd7 23. Rcb2 Bg7 24. Nb3 Nxb3 25. Rxb3 Bf8 26. Na6 Qd8 27. Qa1 Bg7 28.
Qa3 Bf8 29. Rb7 Be6 30. Qa1 Bg7 31. Nb4 Bd7 32. Qa4 Qe8 33. Rxd7 Qxd7 34. Bxc6
Qc7 35. Bxa8 Rxa8 36. Qc6 Qd8 37. Na6 e4 38. dxe4 Bc3 39. exf5 Bxa5 40. fxg6
hxg6 41. Qe4 Bb6 42. Qxg6 Qf8 43. e3 Qg8 44. Qf6+ Qg7 45. Qxd6 Rd8 46. Qe6 1-0

[Event "Championnat de France - Open A"]
[Site "Pau"]
[Date "2008.08.14"]
[Round "3.11"]
[White "Duchateau, Thomas"]
[Black "Platel, Alexandre"]
[Result "0-1"]
[WhiteElo "2088"]
[BlackElo "2190"]
[PlyCount "90"]

1. d4 Nf6 2. c4 g6 3. Nc3 d5 4. Nf3 Bg7 5. e3 O-O 6. b4 Be6 7. c5 Nbd7 8. Be2
a5 9. b5 Ne4 10. Nxe4 dxe4 11. Nd2 Nxc5 12. Qc2 Nd3+ 13. Bxd3 exd3 14. Qxd3 Bf5
15. Qc4 Be6 16. Qa4 Qd5 17. O-O Bd7 18. Rb1 c6 19. Qc4 Qxc4 20. Nxc4 Bf5 21.
Ba3 Bxb1 22. Rxb1 Rfe8 23. g3 e5 24. bxc6 bxc6 25. dxe5 Bxe5 26. Rb6 Bc3 27.
Nd6 Reb8 28. Rxc6 Bb4 29. Bxb4 Rxb4 30. Rc7 Rb2 31. a3 f5 32. Nf7 Rb3 33. Nh6+
Kh8 34. Nf7+ Kg7 35. Ne5+ Kg8 36. Nd7 Rxa3 37. Nf6+ Kf8 38. Nd7+ Ke8 39. Nb6
Ra6 40. Nc4 Ra1+ 41. Kg2 h5 42. Ne5 a4 43. Kf3 a3 44. Kf4 a2 45. Nxg6 Rf1 0-1

[Event "Championnat de France - Open A"]
[Site "Pau"]
[Date "2008.08.14"]
[Round "3.12"]
[White "Zarrouati, Pierre"]
[Black "Galby, Vassili"]
[Result "1-0"]
[WhiteElo "2188"]
[BlackElo "2086"]
[PlyCount "83"]

1. d4 Nf6 2. Nf3 g6 3. c4 Bg7 4. Nc3 O-O 5. e3 d6 6. Be2 Nbd7 7. O-O e5 8. Qc2
c6 9. Rd1 Qe7 10. d5 c5 11. a3 a5 12. Rb1 Nh5 13. b4 axb4 14. axb4 b6 15. Nd2
f5 16. Bxh5 gxh5 17. e4 Nf6 18. f3 h4 19. exf5 Nh5 20. Nde4 Bxf5 21. bxc5 bxc5
22. Rb6 Nf4 23. Qb2 Rad8 24. Be3 Bh6 25. Bxc5 Qg7 26. Rxd6 Bh3 27. Rxd8 Rxd8
28. g3 Nh5 29. Kf2 Kh8 30. Ne2 Nf6 31. Nxf6 Qxf6 32. Qb6 hxg3+ 33. hxg3 Bg7 34.
Qxf6 Bxf6 35. Be3 Bf5 36. c5 e4 37. c6 exf3 38. Kxf3 Kg8 39. d6 Kf7 40. d7 Bxd7
41. cxd7 Ke7 42. Bc5+ 1-0

[Event "Championnat de France - Open A"]
[Site "Pau"]
[Date "2008.08.14"]
[Round "3.13"]
[White "Favarel, Antoine"]
[Black "Iglesias, Joachim"]
[Result "0-1"]
[WhiteElo "2074"]
[BlackElo "2187"]
[PlyCount "76"]

1. e4 c5 2. Nf3 g6 3. c3 d5 4. e5 Nc6 5. d4 cxd4 6. cxd4 Bg4 7. Bb5 Nh6 8. Nc3
a6 9. Bxc6+ bxc6 10. Qa4 Bd7 11. Bxh6 Bxh6 12. Qa3 Bg4 13. Na4 Qa5+ 14. Kf1 O-O
15. b3 f6 16. e6 Bxe6 17. Qxe7 Qb5+ 18. Kg1 Rae8 19. Qc5 Bg4 20. Qxb5 axb5 21.
Nc5 b4 22. Kf1 Re7 23. a4 bxa3 24. Rxa3 Rfe8 25. h3 Bd2 26. Nd3 Bf5 27. Nxd2
Bxd3+ 28. Kg1 Re2 29. Ra2 Bb1 30. Rb2 Bd3 31. Ra2 Bb5 32. f3 R8e3 33. Nf1 Rxa2
34. Nxe3 Rd2 35. Kh2 Rxd4 36. Ra1 f5 37. Nc2 Rd3 38. Rc1 Rc3 0-1

[Event "Championnat de France - Open A"]
[Site "Pau"]
[Date "2008.08.14"]
[Round "3.14"]
[White "Marchadour, Claire"]
[Black "Marciniak, Alexandre"]
[Result "1/2-1/2"]
[WhiteElo "2060"]
[BlackElo "2186"]
[PlyCount "97"]

1. e4 e6 2. d4 d5 3. Nc3 Bb4 4. e5 c5 5. a3 Bxc3+ 6. bxc3 Qc7 7. Qg4 f5 8. Qg3
Nc6 9. Ne2 cxd4 10. cxd4 Nge7 11. c3 O-O 12. h4 Bd7 13. Nf4 Na5 14. Rb1 Rac8
15. Bd2 Nc4 16. Bxc4 Qxc4 17. Rxb7 Rb8 18. Rb4 Rxb4 19. axb4 Bb5 20. Qe3 Ng6
21. g3 Nxf4 22. gxf4 a5 23. bxa5 Ra8 24. f3 Rxa5 25. Kf2 Qa2 26. Kg3 Bc4 27.
Be1 Rb5 28. Rh2 Qa1 29. Bd2 Rb1 30. h5 Qa4 31. Bc1 Qa1 32. Bd2 h6 33. Rg2 Rh1
34. Rh2 Rd1 35. Rg2 Qa4 36. Rg1 Qc2 37. Rxd1 Qxd1 38. Qe1 Qxe1+ 39. Bxe1 Kf7
40. Bd2 g6 41. hxg6+ Kxg6 42. Bc1 h5 43. Ba3 Be2 44. Be7 Kf7 45. Bh4 Ke8 46.
Kf2 Bd1 47. Ke3 Kd7 48. Kd2 Bxf3 49. Bf6 1/2-1/2